| 000 | 01791nam a2200517 i 4500 | ||
|---|---|---|---|
| 001 | 55924 | ||
| 003 | KOSZ 005 | ||
| 005 | 20220113144645.0 | ||
| 008 | 120521s2008 pl a |001 0 pol | ||
| 015 | _aUWD 2008/21849 | ||
| 020 | _a9788324612727 | ||
| 035 | _a991043903699705066 | ||
| 035 | _a(PL-WaBN)b2189050x-48omnis_nlop | ||
| 035 | _ab2189050x | ||
| 035 | _a(OCoLC)749950689 | ||
| 035 | _a(PL)b0000002189050 | ||
| 035 | _a(EXLNZ-48OMNIS_NETWORK)9910471183205606 | ||
| 040 |
_aWA N _cWA N _dKOSZ 005/HR |
||
| 041 | 1 |
_apol _heng |
|
| 046 | _k2005 | ||
| 080 | _a004.42 | ||
| 080 | _a004.92 | ||
| 080 | _a(07) | ||
| 245 | 0 | 0 |
_aAdobe Illustrator CS3/CS3 PL : _boficjalny podręcznik / _c[tł. Sławomir Dzieniszewski, Piotr Cieślak]. |
| 246 | 1 |
_iTyt. oryg.: _aAdobe Illustrator CS3/CS3PL : _bclassroom in a book, _f2005 |
|
| 260 |
_aGliwice : _bWydawnictwo Helion, _ccop. 2008. |
||
| 300 |
_a486, [1] s. : _bil. kolor. ; _c23 cm + _edysk optyczny (CD-ROM). |
||
| 336 |
_aTekst _btxt _2rdacontent |
||
| 337 |
_aBez urządzenia pośredniczącego _bn _2rdamedia |
||
| 338 |
_aWolumin _bnc _2rdacarrier |
||
| 380 | _aKsiążki | ||
| 380 | _aPublikacje fachowe | ||
| 388 | _a2001- | ||
| 500 | _aNa s. tyt. i okł.: Książka w kolorze. | ||
| 504 | _aIndeks. | ||
| 650 | 7 |
_aIllustrator (program graficzny) _2DBN |
|
| 650 | 7 |
_aProgramy graficzne _2DBN |
|
| 655 | 7 |
_aPodręcznik _2DBN |
|
| 658 | _aInformatyka i technologie informacyjne | ||
| 700 | 1 |
_aCieślak, Piotr _eTłumaczenie |
|
| 700 | 1 |
_aDzieniszewski, Sławomir _eTłumaczenie |
|
| 710 | 2 |
_aHelion _4pbl |
|
| 856 |
_uhttp://koha.tu.koszalin.pl/cgi-bin/koha/opac-detail.pl?biblionumber=55924 _yKatalog online BPK |
||
| 942 |
_2UKD _cKS |
||
| 999 |
_c55924 _d55924 |
||